|
|
|
|
| LEADER |
01009nam a2200253Ia 4500 |
| 001 |
TVU_27621 |
| 008 |
210423s9999 xx 000 0 und d |
| 041 |
|
|
|a Vie
|
| 082 |
|
|
|a 547
|
| 082 |
|
|
|b Kh103
|
| 100 |
|
|
|a Huỳnh, Đức Khải
|
| 245 |
|
0 |
|a So sánh bề mặt riêng và khả năng hấp thụ một số hợp chất hữu cơ của than Trà Bắc trước và sau khi tẩm kim loại chuyển tiếp
|
| 245 |
|
0 |
|b Khóa luận tốt nghiệp. Chuyên ngành Công nghệ kỹ thuật hóa học
|
| 245 |
|
0 |
|c Huỳnh Đức Khải, Nguyễn Tiến Thịnh ; Huỳnh Thị Ngọc Trinh (giáo viên hướng dẫn)
|
| 260 |
|
|
|a Trà Vinh
|
| 260 |
|
|
|b Đại học Trà Vinh
|
| 260 |
|
|
|c 2013
|
| 300 |
|
|
|a 60 tr.
|
| 300 |
|
|
|b minh họa màu
|
| 300 |
|
|
|c 27 cm
|
| 504 |
|
|
|a Thư mục: tr.59-60
|
| 700 |
|
|
|a Huỳnh Đức Khải; Nguyễn Tiến Thịnh; Huỳnh Thị Ngọc Trinh
|
| 700 |
|
|
|e giáo viên hướng dẫn
|
| 980 |
|
|
|a Trung tâm Học liệu Trường Đại học Trà Vinh
|